Govt. of
Madhya Pradesh

All Abot Success (Record no. 15928)

MARC details
000 -LEADER
fixed length control field 004650000a22001930004500
001 - CONTROL NUMBER
control field 004036
003 - CONTROL NUMBER IDENTIFIER
control field MACL
005 - DATE AND TIME OF LATEST TRANSACTION
control field 20151023143828.0
008 - FIXED-LENGTH DATA ELEMENTS--GENERAL INFORMATION
fixed length control field 151023b xxu||||| |||| 00| 0 eng d
040 ## - CATALOGING SOURCE
Original cataloging agency MACL
Transcribing agency MACL
041 ## - LANGUAGE CODE
Language code of text/sound track or separate title English
082 ## - DEWEY DECIMAL CLASSIFICATION NUMBER
Classification number 647/POT
100 ## - MAIN ENTRY--PERSONAL NAME
Personal name Potter, Peter
9 (RLIN) 16441
245 ## - TITLE STATEMENT
Title All Abot Success
Statement of responsibility, etc. Peter Potter
260 ## - PUBLICATION, DISTRIBUTION, ETC. (IMPRINT)
Place of publication, distribution, etc. New Delhi
Date of publication, distribution, etc. 2002
Name of publisher, distributor, etc. Universal Book Stall,
350 ## - PRICE (NR) (BK AM CF MU VM SE) [OBSOLETE]
Price 80
650 ## - SUBJECT ADDED ENTRY--TOPICAL TERM
Topical term or geographic name as entry element Success
9 (RLIN) 7150
942 ## - ADDED ENTRY ELEMENTS (KOHA)
Call number prefix 647
Koha item type Books
Source of classification or shelving scheme
Holdings
Withdrawn status Lost status Source of classification or shelving scheme Damaged status Not for loan Home library Current library Date acquired Cost, normal purchase price Total Checkouts Full call number Barcode Date last seen Uniform Resource Identifier Price effective from Koha item type
          MACL MACL 15/04/2015 80.00   647/POT CRE014583 02/05/2024 15831 15/04/2015 Books